1877 1931 1530 1596 1617 1593 1360 1735 1946 1107 1091 1422 1271 1460 1585 1012 1684 1628 1365 1383 1689 1339 1748 1382 1192 1645 1549 1641 1820 1733 1164 1866 1689 1061 1717 1035 1420 1456 1449 1860 1328 1926 1571 1697 1669 1794 1174 1680 1152 1916 1185 1275 1326 1773 1569 1417 1136 1775 1910 1098 1900 1411 1551 1937 1833 1573 1804 1624 1579 1905 1028 1045 1664 1873 1291 1152 1863 1264 1656 1117 1053 1507 1538 1987 1527 1264 1213 1720 1130 1450 1564 1613 1166 1841 1078 1310 1648 1988 1948 BCNSPRNW ULIB Ver.6.0+V

เปลี่ยนเป็นภาษาไทย

Change to English
 แสดงรายละเอียดบรรณานุกรม
  กลับหน้าหลัก

Brief Record : Get Marc (ISO 2709) : E-mail record : QR code < ปิดหน้าต่าง
LEADER : 00000nam 2200000uu 4500
001    13399113620
003     ULIB
008    111124s2550||||th 000 0 tha d
020    ^a9789748755428
090    ^aนว.^bพ975ก 2550
100 0  ^aไพฑูรย์ ธัญญา
245 00 ^aก่อกองทราย/^cNukan
250    ^aพิมพ์ครั้งที่ 34
260    ^aกรุงเทพฯ :^bนาคร,^c2550
300    ^a200 หน้า
710 1  ^aนาคร
945    ^p110^l0^i14445
995    ^aทศพร
999    ^aใช้งานได้ทุกระบบ
รายการนี้ยังไม่มีแท็ก
คุณยังไม่ได้ล็อกอิน คุณสามารถมีกิจกรรมร่วมกับเว็บไซต์ได้ แต่ต้องล็อกอินก่อน ::
  ล็อกอิน

รายการสื่อสารสนเทศ

ลำดับที่ ประเภท เลขเรียก/บาร์โค้ด สถานที่ สถานะ
1. นวนิยาย
นวนิยาย
นว. พ975ก 2550 ฉ.1 
  Barcode: 14445
ห้องสมุดวิทยาเขตสวรรค์ประชารักษ์
►นวนิยาย
บนชั้น
  ขอยืม

BibComment


ยังไม่เคยถูกคอมเมนท์

คอมเมนท์ทรัพยากรรายการนี้
  คอมเมนท์: ก่อกองทราย Nukan


 Copyright 2026. Bcnsprnw @Library